|
|
|
|
| LEADER |
02910nam a22006015i 4500 |
| 001 |
978-3-319-48671-0 |
| 003 |
DE-He213 |
| 005 |
20161031055041.0 |
| 007 |
cr nn 008mamaa |
| 008 |
161031s2016 gw | s |||| 0|eng d |
| 020 |
|
|
|a 9783319486710
|9 978-3-319-48671-0
|
| 024 |
7 |
|
|a 10.1007/978-3-319-48671-0
|2 doi
|
| 040 |
|
|
|d GrThAP
|
| 050 |
|
4 |
|a QA76.76.A65
|
| 072 |
|
7 |
|a UNH
|2 bicssc
|
| 072 |
|
7 |
|a UDBD
|2 bicssc
|
| 072 |
|
7 |
|a COM032000
|2 bisacsh
|
| 082 |
0 |
4 |
|a 005.7
|2 23
|
| 245 |
1 |
0 |
|a Cloud Computing and Security
|h [electronic resource] :
|b Second International Conference, ICCCS 2016, Nanjing, China, July 29-31, 2016, Revised Selected Papers, Part I /
|c edited by Xingming Sun, Alex Liu, Han-Chieh Chao, Elisa Bertino.
|
| 264 |
|
1 |
|a Cham :
|b Springer International Publishing :
|b Imprint: Springer,
|c 2016.
|
| 300 |
|
|
|a XIX, 490 p. 171 illus.
|b online resource.
|
| 336 |
|
|
|a text
|b txt
|2 rdacontent
|
| 337 |
|
|
|a computer
|b c
|2 rdamedia
|
| 338 |
|
|
|a online resource
|b cr
|2 rdacarrier
|
| 347 |
|
|
|a text file
|b PDF
|2 rda
|
| 490 |
1 |
|
|a Lecture Notes in Computer Science,
|x 0302-9743 ;
|v 10039
|
| 505 |
0 |
|
|a Information Hiding -- Cloud Computing -- Cloud Security -- IOT Applications -- Multimedia Applications -- Multimedia Security and Forensics.
|
| 520 |
|
|
|a This two volume set LNCS 10039 and LNCS 10040 constitutes the thoroughly refereed post-conference proceedings of the Second International Conference on Cloud Computing and Security, ICCCS 2016, held in Nanjing, China, during July 29-31, 2016. The 97 papers of these volumes were carefully reviewed and selected from 272 submissions. The papers are organized in topical sections such as: Information Hiding, Cloud Computing, Cloud Security, IOT Applications, Multimedia Applications, Multimedia Security and Forensics.
|
| 650 |
|
0 |
|a Computer science.
|
| 650 |
|
0 |
|a Computer communication systems.
|
| 650 |
|
0 |
|a Data encryption (Computer science).
|
| 650 |
|
0 |
|a Algorithms.
|
| 650 |
|
0 |
|a Computers and civilization.
|
| 650 |
|
0 |
|a Management information systems.
|
| 650 |
1 |
4 |
|a Computer Science.
|
| 650 |
2 |
4 |
|a Information Systems Applications (incl. Internet).
|
| 650 |
2 |
4 |
|a Computer Communication Networks.
|
| 650 |
2 |
4 |
|a Algorithm Analysis and Problem Complexity.
|
| 650 |
2 |
4 |
|a Management of Computing and Information Systems.
|
| 650 |
2 |
4 |
|a Data Encryption.
|
| 650 |
2 |
4 |
|a Computers and Society.
|
| 700 |
1 |
|
|a Sun, Xingming.
|e editor.
|
| 700 |
1 |
|
|a Liu, Alex.
|e editor.
|
| 700 |
1 |
|
|a Chao, Han-Chieh.
|e editor.
|
| 700 |
1 |
|
|a Bertino, Elisa.
|e editor.
|
| 710 |
2 |
|
|a SpringerLink (Online service)
|
| 773 |
0 |
|
|t Springer eBooks
|
| 776 |
0 |
8 |
|i Printed edition:
|z 9783319486703
|
| 830 |
|
0 |
|a Lecture Notes in Computer Science,
|x 0302-9743 ;
|v 10039
|
| 856 |
4 |
0 |
|u http://dx.doi.org/10.1007/978-3-319-48671-0
|z Full Text via HEAL-Link
|
| 912 |
|
|
|a ZDB-2-SCS
|
| 912 |
|
|
|a ZDB-2-LNC
|
| 950 |
|
|
|a Computer Science (Springer-11645)
|